| 000 | 00739cam a22002174a 4500 | ||
|---|---|---|---|
| 001 | 13553298 | ||
| 005 | 20251122152859.0 | ||
| 008 | 040409s2005 njua 001 0 eng | ||
| 020 |
_a0130488674 _qpbk. |
||
| 020 |
_a9780130488671 _q(pbk.) |
||
| 050 | 0 | 0 |
_aTJ1189 _b.Q47 2005 |
| 082 | 0 | 0 |
_a621.9/023 _222 |
| 100 | 1 | _aQuesada, Robert. | |
| 245 | 1 | 0 |
_aComputer numerical control : _bmachining and turning centers / _cRobert Quesada. |
| 260 |
_aUpper Saddle River, N.J. : _bPearson/Prentice Hall, _cc2005. |
||
| 300 |
_axii, 548 p. : _bill. ; _c28 cm. |
||
| 500 | _aIncludes index. | ||
| 650 | 0 |
_aMachine-tools _xNumerical control. |
|
| 856 | 4 | 1 |
_3Table of contents _uhttp://www.loc.gov/catdir/toc/ecip0417/2004008273.html |
| 942 |
_2lcc _cBK _n0 |
||
| 999 |
_c8343 _d8343 |
||